Vrai ou Faux : Autisme, spectre autistique, syndrome d'Asperger - Statistiques

Statistiques générales
  • Ce quiz a été pris 264 fois
  • Le résultat moyen est 8 sur 12
Statistiques - réponses
Question Réponse % Correct
Les autistes sont sujets à des hypersensibilités sensorielles (tactile, auditives, etc.) et émotionnelles. Vrai
97%
L'autisme est un handicap. Vrai
94%
L'autisme est une maladie. Faux
87%
Les autistes ont un mode de pensée en arborescence, c'est-à-dire qu'ils établissent des liens par foisonnement entre des idées apparemment disparates que d'autres ne voient pas. Vrai
87%
Les autistes sont incapables de toute forme d'empathie. Faux
86%
L'autisme est une réaction à l'éducation que l'enfant a reçue de sa mère, soit trop distante, soit trop protectrice. Faux
85%
L'acteur Anthony Hopkins a été diagnostiqué autiste. Vrai
72%
Selon l'Observatoire de l'emploi et du handicap de 2023, 5% des autistes sans déficience intellectuelle aurait accès à un emploi en France. Vrai
61%
Albert Einstein a été diagnostiqué autiste. Faux
55%
La scientifique Temple Grandin, autiste et militante pour la reconnaissance de l'autisme, s'est spécialisée dans la botanique, et enseignait la botanique à l'Université d'État du Colorado. Faux
33%
L’enfant autiste a une tendance naturelle à s'isoler, à rester « dans sa bulle » et à « refuser tout contact » avec l'extérieur. Faux
24%
Kim Peek, l'homme qui a inspiré le personnage de Dustin Hoffman dans "Rain Man", est autiste. Faux
17%
Aucun quiz correspondant
Distribution des résultats
% des personnes avec chaque résultat
Percentile par nombre de réponses
Votre historique - résultats
Vous n’avez pas pris ce quiz